Páginas escogidas

محفوظ في:
التفاصيل البيبلوغرافية
المؤلف الرئيسي: Heine, Enrique
التنسيق: كتاب
اللغة:Undetermined
منشور في: Madrid, España Calleja 1918
الموضوعات:
الوسوم: إضافة وسم
لا توجد وسوم, كن أول من يضع وسما على هذه التسجيلة!

MARC

LEADER 00000nam a2200000Ia 4500
008 170316s9999 xx 000 0 und d
040 |a cru BVZT 
090 |a 830 H-6p 
100 |a Heine, Enrique 
245 |a Páginas escogidas 
260 |a Madrid, España 
260 |b Calleja 
260 |c 1918 
300 |a 497 páginas 
650 |a LITERATURA ALEMANA 
650 |a POESÍA 
999 |c 7357  |d 7357 
942 |c 15 D  |h 830 H-6p  |2 z